Zack's alligator goes to school / (Record no. 4674)

MARC details
000 -LEADER
fixed length control field 01213cam a2200361 a 4500
001 - CONTROL NUMBER
control field 4674
003 - CONTROL NUMBER IDENTIFIER
control field FISKH
005 - DATE AND TIME OF LATEST TRANSACTION
control field 20240920081146.0
008 - FIXED-LENGTH DATA ELEMENTS--GENERAL INFORMATION
fixed length control field 920818s1994 nyua j 000 1 eng
010 ## - LIBRARY OF CONGRESS CONTROL NUMBER
LC control number 92029871
020 ## - INTERNATIONAL STANDARD BOOK NUMBER
International Standard Book Number 0060228873 :
020 ## - INTERNATIONAL STANDARD BOOK NUMBER
International Standard Book Number 0060228881 (lib. bdg.)
040 ## - CATALOGING SOURCE
Original cataloging agency DLC
Transcribing agency DLC
Modifying agency DLC
Language of cataloging eng
050 ## - LIBRARY OF CONGRESS CALL NUMBER
Classification number PZ7.M868
082 ## - DEWEY DECIMAL CLASSIFICATION NUMBER
Classification number 813.54
100 1# - MAIN ENTRY--PERSONAL NAME
Personal name Mozelle, Shirley.
245 10 - TITLE STATEMENT
Title Zack's alligator goes to school /
Statement of responsibility, etc. by Shirley Mozelle ; pictures by James Watts.
250 ## - EDITION STATEMENT
Edition statement This edition published in 1998
260 ## - PUBLICATION, DISTRIBUTION, ETC.
Place of publication, distribution, etc. Ohio :
Name of publisher, distributor, etc. HarperCollins,
Date of publication, distribution, etc. 1994.
300 ## - PHYSICAL DESCRIPTION
Extent 62 pages :
Other physical details color illustrations ;
Dimensions 23 cm
440 #3 - SERIES STATEMENT/ADDED ENTRY--TITLE
Title An I can read book
505 ## - FORMATTED CONTENTS NOTE
Formatted contents note J<br/>
520 ## - SUMMARY, ETC.
Summary, etc. Bridget, an alligator keychain that grows into a full-sized creature when dunked in water, creates chaotic fun when Zack takes her to school for Show and Tell.
521 8# - TARGET AUDIENCE NOTE
Target audience note 470<br/>
Source Lexile<br/>
521 8# - TARGET AUDIENCE NOTE
Target audience note J<br/>
Source Raz-Plus<br/>
650 #1 - SUBJECT ADDED ENTRY--TOPICAL TERM
Topical term or geographic name entry element Show-and-tell presentations
General subdivision Fiction.
650 #1 - SUBJECT ADDED ENTRY--TOPICAL TERM
Topical term or geographic name entry element Alligators
General subdivision Fiction.
650 #1 - SUBJECT ADDED ENTRY--TOPICAL TERM
Topical term or geographic name entry element Schools
General subdivision Fiction.
700 1# - ADDED ENTRY--PERSONAL NAME
Personal name Watts, James,
Dates associated with a name 1955-
Relator term illustrator
906 ## - LOCAL DATA ELEMENT F, LDF (RLIN)
a 7
b cbc
c orignew
d 1
e ocip
f 19
g y-gencatlg
942 ## - ADDED ENTRY ELEMENTS (KOHA)
Source of classification or shelving scheme Dewey Decimal Classification
Koha item type Books
Suppress in OPAC No
Holdings
Withdrawn status Lost status Source of classification or shelving scheme Damaged status Not for loan Collection Home library Current library Shelving location Date acquired Total Checkouts Full call number Barcode Date last seen Price effective from Koha item type
    Dewey Decimal Classification     Juvenile Fiction Footprints International School Library Network Toul Kork Campus Footprints International School Library Network Toul Kork Campus TK Primary Library Room(4th Floor), Bookcase 1&2, Shelves 1-16, Dark Blue Books 09/20/2024   MOS 813.54 PZ7.M868 FISTKKB006 09/20/2024 09/20/2024 Books